[Event "Moscow op-A"]
[Site "Moscow"]
[Date "2016.02.01"]
[Round "3"]
[White "Golikov, Daniil"]
[Black "Popov, Kirill"]
[Result "0-1"]
[WhiteElo "2043"]
[BlackElo "2305"]
[PlyCount "68"]
[EventDate "2016.01.30"]
[EventType "swiss"]
[EventRounds "9"]
[EventCountry "RUS"]
[SourceTitle "CBM 170 Extra"]
[Source "ChessBase"]
[SourceDate "2016.02.25"]
[SourceVersion "1"]
[SourceVersionDate "2016.02.25"]
[SourceQuality "1"]

1. d4 Nf6 2. c4 g6 3. Nc3 Bg7 4. f3 d6 5. e4 0-0 6. Be3 Nc6 7. Nge2 a6 8. Qd2 Na5 9. Ng3 b5 10. Bh6 Nxc4 11. Bxc4 bxc4 12. h4 c5 13. d5 Bxh6 14. Qxh6 e6 15. dxe6 Bxe6 16. 0-0-0 Qe7 17. h5 Rfe8 18. Rhe1 Rab8 19. Re2 Rb6 20. Nf5 gxf5 21. exf5 d5 22. Re5 d4 23. fxe6 fxe6 24. Na4 Rc6 25. Nxc5 Rec8 26. Rde1 Rxc5 27. Rxe6 Qg7 28. Rxf6 Qxh6+ 29. Rxh6 c3 30. Rxa6 cxb2+ 31. Kxb2 Rc2+ 32. Kb1 d3 33. Rd6 Rb8+ 34. Ka1 d2 0-1

[Event "Yelets Rector Cup"]
[Site "Yelets"]
[Date "2015.11.27"]
[Round "3"]
[White "Popov, Kirill"]
[Black "Mischuk, Dmitry"]
[Result "0-1"]
[WhiteElo "2301"]
[BlackElo "2332"]
[PlyCount "74"]
[EventDate "2015.11.26"]
[EventType "tourn"]
[EventRounds "9"]
[EventCountry "RUS"]
[EventCategory "3"]
[SourceTitle "CBM 170 Extra"]
[Source "ChessBase"]
[SourceDate "2016.02.25"]
[SourceVersion "1"]
[SourceVersionDate "2016.02.25"]
[SourceQuality "1"]

1. e4 e6 2. d4 d5 3. Nc3 Bb4 4. e5 c5 5. a3 Bxc3+ 6. bxc3 Qa5 7. Bd2 Qa4 8. Qb1 c4 9. h4 Nc6 10. h5 h6 11. g3 Bd7 12. Bh3 0-0-0 13. Nf3 Nge7 14. Nh4 g5 15. Ng2 f6 16. f4 fxe5 17. fxe5 Nf5 18. Bxf5 exf5 19. 0-0 Be6 20. Rf2 Rhf8 21. Qb2 Ne7 22. Rb1 b6 23. Qa1 Qe8 24. a4 Nc6 25. Bc1 Qxh5 26. Ba3 f4 27. g4 Qxg4 28. a5 Nxa5 29. Bb4 Nc6 30. Qa6+ Kc7 31. Bd6+ Rxd6 32. exd6+ Kd7 33. Qb7+ Kxd6 34. Qg7 Rf7 35. Qxh6 f3 36. Re1 Kd7 37. Ref1 Nd8 0-1

[Event "Moscow op-A"]
[Site "Moscow"]
[Date "2015.02.05"]
[Round "6"]
[White "Popov, Kirill"]
[Black "Velichko, Arseny"]
[Result "1-0"]
[WhiteElo "2313"]
[BlackElo "2118"]
[PlyCount "66"]
[EventDate "2015.01.31"]
[EventType "swiss"]
[EventRounds "9"]
[EventCountry "RUS"]
[SourceTitle "CBM 164 Extra"]
[Source "ChessBase"]
[SourceDate "2015.03.02"]
[SourceVersion "1"]
[SourceVersionDate "2015.03.02"]
[SourceQuality "1"]

1. e4 e6 2. d4 d5 3. Nc3 Bb4 4. e5 c5 5. a3 Bxc3+ 6. bxc3 Ne7 7. Qg4 cxd4 8. Qxg7 Rg8 9. Qxh7 Qc7 10. Ne2 Nbc6 11. f4 dxc3 12. h4 Bd7 13. h5 0-0-0 14. Qd3 Nf5 15. Rb1 d4 16. Rg1 Qa5 17. g4 Nh4 18. Kf2 Qd5 19. a4 a6 20. Ng3 Qa2 21. Rb3 Na5 22. Rb4 Bxa4 23. Rxd4 Rxd4 24. Qxd4 Qxc2+ 25. Ne2 Bb5 26. Rg3 Nc6 27. Qxc3 Qe4 28. Qe3 Qc2 29. Ba3 Kb8 30. Bc5 Qd1 31. Rg1 Qc2 32. Rg3 Rg7 33. Bd6+ Ka8 1-0

[Event "Voronezh Regional-ch"]
[Site "Voronezh"]
[Date "2014.12.14"]
[Round "9"]
[White "Popov, Kirill"]
[Black "Klimentov, Roman"]
[Result "1-0"]
[WhiteElo "2314"]
[BlackElo "2257"]
[PlyCount "131"]
[EventDate "2014.12.05"]
[EventType "swiss"]
[EventRounds "9"]
[EventCountry "RUS"]
[SourceTitle "CBM 164 Extra"]
[Source "ChessBase"]
[SourceDate "2015.03.02"]
[SourceVersion "1"]
[SourceVersionDate "2015.03.02"]
[SourceQuality "1"]

1. e4 c5 2. Nf3 d6 3. Bb5+ Nc6 4. 0-0 Bg4 5. h3 Bh5 6. c3 Nf6 7. d4 cxd4 8. cxd4 a6 9. Bxc6+ bxc6 10. Nc3 e6 11. Qa4 Qd7 12. Nd2 c5 13. dxc5 Qxa4 14. Nxa4 dxc5 15. f3 Nd7 16. Nc4 Be7 17. Rd1 Rd8 18. Nd6+ Bxd6 19. Rxd6 Ke7 20. Rxa6 Ra8 21. Rxa8 Rxa8 22. Nc3 f6 23. b3 Bf7 24. Be3 e5 25. Rd1 Ra3 26. Rc1 g6 27. Rc2 Ra5 28. Ne2 Kd6 29. Nc1 Ra3 30. Nd3 Ra5 31. Kf2 h5 32. h4 Be6 33. Ke2 Bf7 34. Kd2 Be6 35. Kc1 Bf7 36. Kb1 Rb5 37. Nb2 Rb4 38. Bd2 Rb5 39. Nc4+ Kc6 40. b4 Rb8 41. a4 Bxc4 42. Rxc4 Ra8 43. bxc5 Nf8 44. Kc2 Ne6 45. Be3 Ra5 46. Kc3 g5 47. hxg5 fxg5 48. Rb4 g4 49. fxg4 hxg4 50. Rb6+ Kd7 51. Kb4 Ra8 52. a5 Nc7 53. Rg6 Rb8+ 54. Kc4 Rb2 55. Rxg4 Rc2+ 56. Kd3 Ra2 57. Rg7+ Kc6 58. Rg6+ Kb5 59. Rb6+ Kxa5 60. Bd2+ Ka4 61. Rb4+ Ka3 62. Rb7 Na6 63. Kc3 Ka4 64. c6 Ra3+ 65. Kc4 Ra2 66. Ra7 1-0

[Event "Voronezh op-A 18th"]
[Site "Voronezh"]
[Date "2014.06.20"]
[Round "8"]
[White "Popov, Kirill"]
[Black "Sergienko, Sergey"]
[Result "1/2-1/2"]
[WhiteElo "2242"]
[BlackElo "2402"]
[PlyCount "52"]
[EventDate "2014.06.12"]
[EventType "swiss"]
[EventRounds "9"]
[EventCountry "RUS"]
[SourceTitle "CBM 160 Extra"]
[Source "ChessBase"]
[SourceDate "2014.07.01"]
[SourceVersion "1"]
[SourceVersionDate "2014.07.01"]
[SourceQuality "1"]

1. e4 d6 2. d4 Nf6 3. Nc3 e5 4. Nf3 Nbd7 5. Bc4 Be7 6. 0-0 0-0 7. Re1 c6 8. a4 b6 9. d5 cxd5 10. Nxd5 Nxd5 11. Bxd5 Rb8 12. b3 Nf6 13. c4 Nxd5 14. Qxd5 Bb7 15. Qd3 f5 16. exf5 Qc8 17. Nd2 Rxf5 18. Ba3 Qe6 19. Ne4 Rf4 20. Rad1 Rd8 21. f3 Qf7 22. Qe2 Qg6 23. Qd3 Qf7 24. Qe2 Qg6 25. Qd3 Qf7 26. Qe2 Qg6 1/2-1/2

[Event "Voronezh op-A 18th"]
[Site "Voronezh"]
[Date "2014.06.16"]
[Round "5"]
[White "Smirnov, Anton"]
[Black "Popov, Kirill"]
[Result "1-0"]
[WhiteElo "2354"]
[BlackElo "2242"]
[PlyCount "71"]
[EventDate "2014.06.12"]
[EventType "swiss"]
[EventRounds "9"]
[EventCountry "RUS"]
[SourceTitle "CBM 160 Extra"]
[Source "ChessBase"]
[SourceDate "2014.07.01"]
[SourceVersion "1"]
[SourceVersionDate "2014.07.01"]
[SourceQuality "1"]

1. e4 e6 2. d4 d5 3. Nc3 Bb4 4. e5 c5 5. a3 Bxc3+ 6. bxc3 Ne7 7. Qg4 Kf8 8. a4 Qc7 9. Qd1 b6 10. Nf3 Ba6 11. Bb5 Bxb5 12. axb5 Nd7 13. 0-0 h6 14. Ba3 Kg8 15. Qd3 Ng6 16. h4 Rc8 17. h5 Nf4 18. Qe3 g5 19. hxg6 Nxg6 20. dxc5 bxc5 21. Rfe1 Rb8 22. Rab1 Kg7 23. c4 dxc4 24. Nd2 Qa5 25. Nxc4 Qa4 26. Nd6 Qd4 27. Qxd4 cxd4 28. Bb2 Ngxe5 29. Bxd4 Rbd8 30. Rxe5 Nxe5 31. Bxe5+ f6 32. Bg3 e5 33. Rd1 h5 34. f3 Kg6 35. Bf2 Rh7 36. c4 1-0

[Event "Wch U16"]
[Site "Al Ain"]
[Date "2013.12.27"]
[Round "10"]
[White "Popov, Kirill"]
[Black "Paravyan, David"]
[Result "1/2-1/2"]
[WhiteElo "2158"]
[BlackElo "2441"]
[PlyCount "98"]
[EventDate "2013.12.18"]
[EventType "swiss"]
[EventRounds "11"]
[EventCountry "UAE"]
[SourceTitle "CBM 158 Extra"]
[Source "ChessBase"]
[SourceDate "2014.02.28"]
[SourceVersion "1"]
[SourceVersionDate "2014.02.28"]
[SourceQuality "1"]

1. e4 d6 2. d4 Nf6 3. Nc3 g6 4. f3 c6 5. Be3 b5 6. Qd2 Nbd7 7. g4 Nb6 8. b3 h5 9. g5 Nfd7 10. f4 Bg7 11. Nf3 Bb7 12. Nh4 b4 13. Ne2 c5 14. Bg2 cxd4 15. Bxd4 e5 16. Bb2 Nc5 17. Ng3 Ne6 18. f5 Nxg5 19. fxg6 fxg6 20. Qe2 Nf7 21. Qb5+ Qd7 22. Qxd7+ Nxd7 23. Nxg6 Rh6 24. Nh4 Bf6 25. Nhf5 Rh8 26. h4 0-0-0 27. a3 a5 28. axb4 axb4 29. Ra4 Nc5 30. Rxb4 Kc7 31. Rc4 Kb6 32. Bc1 Ba6 33. Rc3 Ne6 34. Bf1 Nf4 35. Bxa6 Kxa6 36. Rc7 Nh6 37. Be3 Ng4 38. Kd2 Nxe3 39. Nxe3 Kb6 40. Rf7 Rdf8 41. Rxf8 Rxf8 42. Ne2 Kc6 43. Nc3 Bd8 44. Ncd5 Nxd5 45. Nxd5 Rf2+ 46. Kd3 Rf3+ 47. Ke2 Rg3 48. Ne3 Bb6 49. Nf5 Rg4 1/2-1/2

[Event "Wch U16"]
[Site "Al Ain"]
[Date "2013.12.22"]
[Round "6"]
[White "Popov, Kirill"]
[Black "Lamard, Guillaume"]
[Result "1/2-1/2"]
[WhiteElo "2158"]
[BlackElo "2288"]
[PlyCount "160"]
[EventDate "2013.12.18"]
[EventType "swiss"]
[EventRounds "11"]
[EventCountry "UAE"]
[SourceTitle "CBM 158 Extra"]
[Source "ChessBase"]
[SourceDate "2014.02.28"]
[SourceVersion "1"]
[SourceVersionDate "2014.02.28"]
[SourceQuality "1"]

1. e4 c5 2. Nf3 e6 3. d4 cxd4 4. Nxd4 Nc6 5. Nc3 Qc7 6. Be3 Nf6 7. f4 d6 8. Be2 Be7 9. 0-0 0-0 10. Qe1 Nxd4 11. Bxd4 e5 12. Be3 b6 13. Rd1 Bb7 14. Bf3 Rac8 15. Qg3 Kh8 16. Rd2 Qb8 17. fxe5 dxe5 18. Bg5 Rc4 19. Bxf6 Bxf6 20. Be2 Rd4 21. Rxd4 exd4 22. Qxb8 Rxb8 23. Nd5 Bxd5 24. exd5 Rd8 25. Bc4 Rd6 26. Re1 g6 27. Re4 Kg7 28. Kf1 b5 29. Bxb5 Rxd5 30. Bc4 Rc5 31. b3 Be5 32. g3 f5 33. Re2 Kf6 34. Kg2 a5 35. a4 h5 36. Kf3 Rc7 37. Kg2 h4 38. Bd3 Rh7 39. gxh4 Rxh4 40. h3 Rh8 41. Rf2 Rh5 42. Rf3 Kg5 43. Bf1 Kh4 44. Rd3 Rg5+ 45. Kf2 Rh5 46. Be2 Rh7 47. Rf3 Re7 48. Bf1 Rc7 49. Bd3 Bd6 50. Bc4 Re7 51. Bf1 Bb4 52. Kg2 Bc3 53. Bd3 Re5 54. Rf4+ Kg5 55. Rf2 Re1 56. Rf1 Re7 57. Rf2 Rh7 58. Re2 Rh5 59. Re6 Kh6 60. Rd6 Rg5+ 61. Kf3 Kh5 62. Rd8 Rg1 63. Kf2 Rh1 64. Bf1 Kh4 65. Kg2 Rxf1 66. Kxf1 Kxh3 67. Rg8 Kg4 68. Rxg6+ Kf3 69. Rd6 Ke3 70. Re6+ Kd2 71. Re2+ Kd1 72. Rf2 Bd2 73. Rxf5 Kxc2 74. Rb5 Bc3 75. Kf2 d3 76. Rd5 Bd2 77. Kf3 Bb4 78. Ke3 d2 79. Ke2 Kxb3 80. Rxd2 Bxd2 1/2-1/2

[Event "Wch U16"]
[Site "Al Ain"]
[Date "2013.12.21"]
[Round "4"]
[White "Popov, Kirill"]
[Black "Darling, Simeon C"]
[Result "1-0"]
[WhiteElo "2158"]
[BlackElo "1928"]
[PlyCount "67"]
[EventDate "2013.12.18"]
[EventType "swiss"]
[EventRounds "11"]
[EventCountry "UAE"]
[SourceTitle "CBM 158 Extra"]
[Source "ChessBase"]
[SourceDate "2014.02.28"]
[SourceVersion "1"]
[SourceVersionDate "2014.02.28"]
[SourceQuality "1"]

1. e4 c5 2. Nf3 d6 3. d4 cxd4 4. Nxd4 Nf6 5. Nc3 a6 6. Be3 Ng4 7. Bg5 h6 8. Bh4 g5 9. Bg3 Bg7 10. Be2 h5 11. Bxg4 hxg4 12. 0-0 Nc6 13. Nf5 Bxf5 14. exf5 Bxc3 15. bxc3 Qd7 16. Qxg4 0-0-0 17. Rfd1 f6 18. c4 Ne5 19. Bxe5 Rh4 20. Qg3 fxe5 21. Qxg5 Rdh8 22. h3 R4h5 23. Qg7 R5h7 24. Qg6 Rh6 25. Qf7 Rf6 26. Qg7 Rhf8 27. g4 Qc6 28. Rab1 R8f7 29. Qg8+ Kc7 30. Rd3 b5 31. cxb5 Qxc2 32. Rdd1 Rf8 33. Qd5 e6 34. Qxd6+ 1-0

[Event "Wch U16"]
[Site "Al Ain"]
[Date "2013.12.19"]
[Round "2"]
[White "Popov, Kirill"]
[Black "Dogan, Mire Deniz"]
[Result "1-0"]
[WhiteElo "2158"]
[BlackElo "1772"]
[PlyCount "70"]
[EventDate "2013.12.18"]
[EventType "swiss"]
[EventRounds "11"]
[EventCountry "UAE"]
[SourceTitle "CBM 158 Extra"]
[Source "ChessBase"]
[SourceDate "2014.02.28"]
[SourceVersion "1"]
[SourceVersionDate "2014.02.28"]
[SourceQuality "1"]

1. e4 g6 2. d4 Bg7 3. Nc3 c6 4. Nf3 d5 5. h3 Nf6 6. Bd3 dxe4 7. Nxe4 Nxe4 8. Bxe4 Bf5 9. Bxf5 Qa5+ 10. c3 Qxf5 11. 0-0 0-0 12. Re1 Bf6 13. Qb3 b6 14. Bh6 Rd8 15. Ne5 Rd5 16. Ng4 Qd7 17. Qa3 c5 18. Nxf6+ exf6 19. dxc5 bxc5 20. c4 Rh5 21. Rad1 Qc8 22. Be3 Nd7 23. f4 Qc7 24. Qd3 Nf8 25. Qd6 Qb6 26. Qxb6 axb6 27. Rd6 Rxa2 28. Rxb6 Ne6 29. Kh2 f5 30. Rb5 Ra4 31. Rc1 h6 32. Bxc5 Nxf4 33. Rb8+ Kg7 34. Bd4+ f6 35. Re1 Kf7 1-0

[Event "Wch U16"]
[Site "Al Ain"]
[Date "2013.12.18"]
[Round "1"]
[White "Barros Rivadeneira, Cristhian"]
[Black "Popov, Kirill"]
[Result "1/2-1/2"]
[WhiteElo "2243"]
[BlackElo "2158"]
[PlyCount "82"]
[EventDate "2013.12.18"]
[EventType "swiss"]
[EventRounds "11"]
[EventCountry "UAE"]
[SourceTitle "CBM 158 Extra"]
[Source "ChessBase"]
[SourceDate "2014.02.28"]
[SourceVersion "1"]
[SourceVersionDate "2014.02.28"]
[SourceQuality "1"]

1. c4 Nf6 2. Nc3 g6 3. e4 d6 4. d4 Bg7 5. Nf3 0-0 6. Be2 e5 7. 0-0 Nc6 8. d5 Ne7 9. b4 a5 10. Ba3 b6 11. bxa5 Nh5 12. Re1 f5 13. Nd2 Nf6 14. Bb4 c5 15. dxc6 Nxc6 16. Ba3 Nd4 17. Bf1 Bb7 18. exf5 gxf5 19. Nb3 Ne4 20. Rc1 Qh4 21. g3 Qh6 22. Nxd4 Nxc3 23. Rxc3 exd4 24. Rb3 f4 25. Bc1 fxg3 26. fxg3 Qf6 27. Bf4 Bh6 28. Qg4+ Kh8 29. Re6 Qg7 30. Qxg7+ Bxg7 31. Rxb6 Bc8 32. Re7 Rxa5 33. Rxd6 Rxa2 34. Rxg7 Rxf4 35. Rxh7+ Kxh7 36. gxf4 Ra1 37. Kf2 Ra2+ 38. Kg3 Ra3+ 39. Kf2 Ra2+ 40. Kg1 Ra1 41. Kf2 Ra2+ 1/2-1/2

[Event "Voronezh Region-ch"]
[Site "Voronezh"]
[Date "2013.12.11"]
[Round "8"]
[White "Popov, Kirill"]
[Black "Zhurikhin, Alexander"]
[Result "1/2-1/2"]
[WhiteElo "2158"]
[BlackElo "2325"]
[PlyCount "72"]
[EventDate "2013.12.03"]
[EventType "swiss"]
[EventRounds "9"]
[EventCountry "RUS"]
[SourceTitle "CBM 158 Extra"]
[Source "ChessBase"]
[SourceDate "2014.02.28"]
[SourceVersion "1"]
[SourceVersionDate "2014.02.28"]
[SourceQuality "1"]

1. e4 d5 2. exd5 Qxd5 3. Nc3 Qd6 4. d4 Nf6 5. Nf3 g6 6. Nb5 Qb6 7. c4 c6 8. Nc3 Bg7 9. Be2 0-0 10. 0-0 Rd8 11. a3 Bf5 12. h3 h5 13. Bd3 Bxd3 14. Qxd3 e5 15. Nxe5 Qxd4 16. Qxd4 Rxd4 17. Be3 Rd8 18. Rad1 Re8 19. Nf3 Nbd7 20. Rfe1 a5 21. Bd4 Rxe1+ 22. Rxe1 Bf8 23. Ne5 Nxe5 24. Bxe5 Nd7 25. Bd4 Nc5 26. Bxc5 Bxc5 27. Rd1 Re8 28. Kf1 Kg7 29. Rd7 Re7 30. Rd8 Bb6 31. Ra8 Re5 32. Rb8 Bd4 33. Rxb7 Bxc3 34. bxc3 Rc5 35. Ra7 Rxc4 36. Rxa5 Rxc3 1/2-1/2

[Event "Voronezh-ch"]
[Site "Voronezh"]
[Date "2013.10.25"]
[Round "7"]
[White "Popov, Kirill"]
[Black "Lukovnikov, Alexander"]
[Result "1-0"]
[WhiteElo "2145"]
[BlackElo "2270"]
[PlyCount "39"]
[EventDate "2013.10.18"]
[EventType "swiss"]
[EventRounds "9"]
[EventCountry "RUS"]
[SourceTitle "EXT 2014"]
[Source "ChessBase"]
[SourceDate "2013.11.20"]
[SourceVersion "1"]
[SourceVersionDate "2013.11.20"]
[SourceQuality "1"]

1. e4 c5 2. Nf3 Nc6 3. d4 cxd4 4. Nxd4 Nf6 5. Nc3 Qb6 6. Be3 Qxb2 7. Ndb5 Qb4 8. Bd2 Nxe4 9. a3 Nxc3 10. axb4 Nxd1 11. Nc7+ Kd8 12. Nxa8 e5 13. Kxd1 d5 14. b5 Nd4 15. Rxa7 Bc5 16. Ba5+ Ke7 17. Nb6 Bg4+ 18. f3 Be6 19. Rxb7+ Kd6 20. Na4 1-0

[Event "Voronezh-ch"]
[Site "Voronezh"]
[Date "2013.10.22"]
[Round "4"]
[White "Popov, Kirill"]
[Black "Sokolovsky, Victor"]
[Result "1-0"]
[WhiteElo "2145"]
[BlackElo "1995"]
[PlyCount "47"]
[EventDate "2013.10.18"]
[EventType "swiss"]
[EventRounds "9"]
[EventCountry "RUS"]
[SourceTitle "EXT 2014"]
[Source "ChessBase"]
[SourceDate "2013.11.20"]
[SourceVersion "1"]
[SourceVersionDate "2013.11.20"]
[SourceQuality "1"]

1. e4 e5 2. Nf3 Nc6 3. d4 exd4 4. Nxd4 Bc5 5. Be3 Bb6 6. Nf5 Qf6 7. Bxb6 axb6 8. Nc3 Nge7 9. Ne3 0-0 10. Be2 d6 11. 0-0 Qh4 12. Ned5 f5 13. Nxc7 Ra5 14. Qxd6 Rf6 15. Qg3 Qh6 16. N3d5 Nxd5 17. Nxd5 Rxd5 18. exd5 f4 19. Qc3 Rg6 20. dxc6 Bh3 21. Bf3 bxc6 22. Qe5 Rf6 23. Qh5 Qxh5 24. Bxh5 1-0

[Event "EU-ch U16 23rd"]
[Site "Budva"]
[Date "2013.10.06"]
[Round "7"]
[White "Lekic, Lazar"]
[Black "Popov, Kirill"]
[Result "0-1"]
[WhiteElo "2054"]
[BlackElo "2128"]
[PlyCount "80"]
[EventDate "2013.09.29"]
[EventType "swiss"]
[EventRounds "9"]
[EventCountry "MNE"]
[SourceTitle "CBM 156 Extra"]
[Source "ChessBase"]
[SourceDate "2013.10.22"]
[SourceVersion "1"]
[SourceVersionDate "2013.10.22"]
[SourceQuality "1"]

1. e4 e6 2. d4 d5 3. Nd2 c5 4. Ngf3 cxd4 5. exd5 Qxd5 6. Bc4 Qd6 7. 0-0 Nf6 8. Nb3 Nc6 9. Nbxd4 Nxd4 10. Nxd4 a6 11. Re1 Bd7 12. Bg5 0-0-0 13. Re3 Be7 14. Rd3 Qe5 15. Be3 Qh5 16. f3 Bd6 17. h3 Bc7 18. a4 e5 19. Nb3 Bxh3 20. gxh3 e4 21. Rxd8+ Rxd8 22. Qf1 exf3 23. Bd3 Rxd3 24. cxd3 Nd5 25. Rc1 Qg6+ 26. Kh1 Nxe3 27. Qxf3 Qd6 28. Rxc7+ Kxc7 29. Qxe3 Qd5+ 30. Qe4 Qxb3 31. Qe5+ Kc6 32. Qe8+ Kb6 33. Qd8+ Ka7 34. Qd4+ Qb6 35. Qxg7 Qc6+ 36. Kh2 Qc2+ 37. Kh1 Qxd3 38. Qxf7 Qxh3+ 39. Kg1 Qg4+ 40. Kh2 Qe2+ 0-1